000 00591nam a2200181Ia 4500
008 090122s9999 xx 000 0 und d
082 _b12319
100 _aढोले
_bसंजय
245 _aप्रेमचा रेणू
260 _bमेहता पब्लिशिंग हाऊस
_c2007
300 _a219
501 _aरोहीत बुक सेंटर / बि.नं.2922-6.12.07
600 _aढोले
630 _aप्रेमचा रेणू
700 _aढोले
730 _aप्रेमचा रेणू
942 _cBOOK
999 _c36396
_d36396